| 000 | 006210000a22002050004500 | ||
|---|---|---|---|
| 020 | _a84-254-0948-9 | ||
| 041 | 0 | _aSPA | |
| 082 | 0 | 4 | _aG 232.5 M3929r |
| 100 | 1 | _aMarxsen, Willi (1919-) | |
| 245 | 1 | 0 | _aLa resurrección de Jesús de Nazaret / Willi Marxsen ; Alejandro Esteban Lator Ros, Traductor |
| 260 | _aBarcelona, España : Herder | ||
| 300 | _a236 Pag | ||
| 500 | _aTítulo original : Die Auferstehung Jesu von Nazareth | ||
| 650 | 1 | 4 | _aRESURRECCION DE JESUS |
| 001 | 3710 | ||
| 942 | _cBK | ||
| 999 |
_c34350 _d34350 |
||
| 336 |
_atexto _btxt _2rdacontent |
||
| 337 |
_2rdamedia _asin mediación _bn |
||
| 338 |
_2rdacarrier _avolumen _bnc |
||